000 00711nam a2200289Ia 4500
005 20260324132743.0
008 008 260324s9999 xx 000 0 eng d
020 _a9781849770835
037 _aEBOOK
040 _aCRL
040 _beng
040 _cCRL
041 _2eng
041 _aeng
084 _qCRL
100 _aJanelle Plummer; John G. Taylor
_91190498
245 0 _aCommunity Participation in China
245 0 _bIssues and Processes for Capacity Building
260 _bTaylor and Francis
260 _c2004
365 _a
365 _b230
856 _uhttp://www.taylorfrancis.com/books/9781849770835
942 _cEBOOK
999 _c1788860
_d1788860